Yankee Doodle / (Record no. 111320)
[ view plain ]
| 000 -LEADER | |
|---|---|
| fixed length control field | 00333nam a2200121 a 4500 |
| 005 - DATE AND TIME OF LATEST TRANSACTION | |
| control field | 20140414131913.0 |
| 008 - FIXED-LENGTH DATA ELEMENTS--GENERAL INFORMATION | |
| fixed length control field | 101014s19uu xx 00 eng d |
| 050 ## - LIBRARY OF CONGRESS CALL NUMBER | |
| Classification number | ER |
| Item number | Ya1 1979 |
| 100 ## - MAIN ENTRY--PERSONAL NAME | |
| Personal name | Goodnow, Patti |
| 245 ## - TITLE STATEMENT | |
| Title | Yankee Doodle / |
| Statement of responsibility, etc | illustrated by Patti Goodnow. |
| 260 ## - PUBLICATION, DISTRIBUTION, ETC. (IMPRINT) | |
| Name of publisher, distributor, etc | Scholastic , |
| Place of publication, distribution, etc | New York : |
| Date of publication, distribution, etc | 2002. |
| Withdrawn status | Lost status | Damaged status | Home library | Current library | Shelving location | Date acquired | Total Checkouts | Full call number | Barcode | Date last seen | Price effective from | Koha item type |
|---|---|---|---|---|---|---|---|---|---|---|---|---|
| Munich Library | Munich Library | Easy Reading Section | 10/14/2010 | ER Ya1 1979 | M1991 | 04/14/2014 | 04/14/2014 | Books |